000 00760nam a22002177a 4500
003 LK-CoDNM
005 20241021123623.0
008 241015b |||||||| |||| 00| 0 eng d
040 _aLK-CoDNM
_dLK-CoDNM
_eLK-CoDNM
041 _asin
080 _aප්‍ර.බ
_b20
100 _aබෙනට් එච්. ද සිල්වා
245 _aබොදු සිරිත්
_b1 කාණ්ඩය 3 කලාපය
260 _aකොළඹ
_bසමයවරර්‍ධන මුද්‍රණාලය
300 _b8p. ; 24 cm
650 _aබොදු සිරිත්
650 _a1 කාණ්ඩය 3 කලාපය
650 _aබෙනට් එච්. ද සිල්වා
650 _aප්‍ර.බ 20
942 _cBK
999 _c220462
_d220462